Fons de teatre valencià a les biblioteques de Barcelona / Anna Vázquez Estévez ; pròleg de Ricard Blasco
Descripción Física:
287 p. ; 24 cm
Colección:
Col·lecció Estudis ; 1
Otros Autores:
Blasco, Ricard
MARC
| LEADER | 00000nam a2200000Ia 4500 | ||
|---|---|---|---|
| 001 | 4960 | ||
| 008 | 160829s1987 xx 000 0 cat d | ||
| 080 | |a A-1-282 | ||
| 100 | |a Vázquez i Estévez, Anna |9 34611 | ||
| 245 | |a Fons de teatre valencià a les biblioteques de Barcelona / Anna Vázquez Estévez ; pròleg de Ricard Blasco | ||
| 260 | |a Barcelona : |b Institut del Teatre. Diputació de Barcelona, |c 1987 | ||
| 300 | |a 287 p. ; |c 24 cm | ||
| 490 | |a Col·lecció Estudis ; 1 | ||
| 650 | |a Teatre valencià |x S. XVIII/XX |x Bibliografia |9 27181 | ||
| 700 | 1 | |a Blasco, Ricard |9 27182 | |
| 710 | 1 | |a Institut del Teatre (Barcelona, Catalunya) |9 52662 | |
| 901 | |a Arxiu | ||
| 942 | |n 1 | ||
| 952 | |0 0 |1 0 |4 0 |6 A1282 |7 1 |9 44300 |a Arxiu |b Arxiu |d 2016-12-01 |l 0 |o A-1-282 |p 4960 |r 2016-12-01 00:00:00 |w 2016-12-01 |y ARXIU | ||
| 999 | |c 46880 |d 46880 | ||